Szczegóły MARC21

Rozwój gospodarczy : strategia dla samorządów lokalnych /

005 -DATA I CZAS OSTATNIEJ MODYFIKACJI [,]
    • @
    • pole kontrolne
    • 20070315155141.9
020 -Międzynarod. znormalizowany nr książki - ISBN [ , ]
    • a
    • Numer ISBN
    • 8390783614 Find
040 -Instytucja sporządzająca opis [ , ]
    • a
    • Instytucja, która sporządziła opis (NP)
    • SZCZ U
    • c
    • Instytucja, która sporządziła rekord (NP)
    • SZCZ U
041 -Język dokumentu [1, ]
    • a
    • Język tekstu (P)
    • polski
    • h
    • Język tekstu oryginalnego i/lub pośredniego (P)
    • eng
942 -Rodzaj dokumentu [ , ]
    • c
    • Rodzaj dokumentu
    • Książka
100 -Hasło główne - nazwa osobowa [ , ]
    • a
    • Nazwa osobowa (NP)
    • MORRISON, DON
245 -Strefa tytułu i oznaczenia odpowiedzialności [1, ]
    • a
    • Tytuł
    • Rozwój gospodarczy : Find
    • b
    • Ciąg dalszy tytułu (NP)
    • strategia dla samorządów lokalnych / Find
    • c
    • Pozostałe elementy strefy tytułu i oznaczenia odpowiedzialności (NP)
    • Don Morrison.
260 -Strefa adresu wydawniczego [ , ]
    • a
    • Miejsce wydania (P)
    • Warszawa :
    • b
    • Nazwa wydawcy (P)
    • Agencja Rozwoju Komunalnego,
    • c
    • Data wydania (P)
    • [2002?].
300 -Strefa opisu fizycznego [ , ]
    • a
    • Określenie formy książki i/lub objętość (NP)
    • 142 s. :
    • c
    • Format (NP)
    • 30 cm.
500 -Uwaga ogólna [ , ]
    • a
    • Uwaga ogólna (NP)
    • Przeł. z jęz. ang. - Bibliogr
080 -Uniwersalna Klasyfikacja Dziesiętna [ , ]
    • a
    • Symbol klasyfikacji
    • 332.1(07)
980 -Symbol UKD [ , ]
    • a
    • UKD
    • 332.1(07)
920 -ISBN [ , ]
    • a
    • ISBN
    • 83-907836-1-4 Find
Lokalizacja Data inwentaryzacji Status udost. Numer inwentarzowy Sygnatura
T2003-06-03-2T.7419T.7419
T2003-06-03-3TM.1489 
T2003-06-03-3TM.1490 
T2003-06-03-6TM.1491 
T2003-06-03-3TM.1492 
T2003-06-03-3TM.1493 
T2003-06-03-3TM.1494 
T2003-06-03-3TM.1495 
T2003-06-03-3TM.1496 
T2003-06-03-3TM.1497 
T2003-10-07-3TM.1642 
T2006-01-09-3TM.3719